The Impossible Knowledge Quiz #1 - Statistics

General Stats
  • This quiz has been taken 28 times
  • The average score is 2 of 31
Answer Stats
Question Answer % Correct
Who is the husband of Beyonce Knowles? Jay-Z
74%
How many people died in the avalanche on Mount Everest in 2014? 16
26%
What animal has the shortest lifespan? Mayfly
26%
Name the country with the smallest average penis size in the world. Cambodia
21%
And in what part of the body would you find this bone? The Neck
21%
The Coprolite was the largest fossilised poo poo ever found. How long was it? (in cm) 20
11%
In what Key is Taylor Swift's "Love Story" written? D Major
11%
In the Bible, who climbed a Sycamore Tree to get a better view of Jesus? Zacchaeus
11%
On what date did Sam Cooke die? December 11 1964
5%
What Pokemon is #834 in the Pokédex? Drednaw
5%
What does IBC stand for? Intermediate bulk container
5%
Who was the last person to be executed in Sweden? Johan Alfred Ander
5%
What is the collective noun for a group of Platypus? Paddle
5%
What is the longest word in the English dictionary? Pneumonoultramicroscopicsilicovolcanoconiosis
5%
What is the longest drivable road in the world? The Pan-American Highway
5%
What is the world record for breath held underwater? 24 minutes 37 seconds
0%
How many minutes are there in 6 months? 282600
0%
What is the total surface area of Jupiter? (in km²) 61.42 Billion
0%
What is the rarest naturally occurring element in the Earth's crust? Astatine
0%
Who discovered Madagascar? Diego Diaz
0%
What is considered the rarest insect in the world? Lord Howe Island Phasmid
0%
Name the man who lived 82 years without ever seeing a woman. Mihailo Tolotos
0%
Who was the top goalscorer in the FIFA World Cup in 1934? Oldrich Nejedly
0%
Who won the Mens Javelin Throw in the 1964 Olympic Games? Pauli Nevala
0%
What movie won the Academy Award for Best Editing in 1982? Raiders of the Lost Ark
0%
Name the man who invented cruise control in cars. Ralph Teeter
0%
Who is the only two-time world champion in Yu-Gi-Oh? Shunsuke Hiyama
0%
Statistically, what bone in the human body is broken least frequently? The Hyoid Bone
0%
What is the name of the process of converting vegetable oil into biofuel? Transesterification
0%
What was the best selling song of 1948? Twelfth Street Rag
0%
What is the scientific name for an Anteater? Vermilingua
0%
No matching quizzes found
Score Distribution
Percent of People with Each Score
Percentile by Number Answered
Your Score History
You have not taken this quiz